புதுப் புது அா்த்தங்கள்

Saved in:
Bibliographic Details
Main Author: சண்முகபிரியா
Format: Book
Language:English
Published: சென்னை அருண் பதிப்பகம் 2024
Tags: Add Tag
No Tags, Be the first to tag this record!

MARC

LEADER 00000nam a22000007a 4500
005 20251107094637.0
008 251107b |||||||| |||| 00| 0 eng d
082 |a 894.8113  |b சண்மு 
100 |a சண்முகபிரியா 
245 |a புதுப் புது அா்த்தங்கள்  |c சண்முகப்பிரியா 
260 |a சென்னை  |b அருண் பதிப்பகம்  |c 2024 
300 |a 396 
942 |c BK 
999 |c 16351  |d 16351